| 000 | 00795nam a2200241 4500 | ||
|---|---|---|---|
| 001 | 1119186 | ||
| 003 | ARRUPE | ||
| 005 | 20131129132510.0 | ||
| 008 | 770616s1929 enk b 000 0beng | ||
| 010 | _a 29018759 | ||
| 035 | _a(OCoLC)ocm03046121 | ||
| 040 |
_aDLC _cEYR _dm.c. _dZCU |
||
| 050 | 0 |
_aB765.L84 _bP41 1929 |
|
| 099 |
_a868L96 _aBP |
||
| 100 | 1 |
_aPeers, E. Allison _q(Edgar Allison), _d1891-1952. _94446 |
|
| 245 | 0 | 0 |
_aRamon Lull, a biography, _cby E. Allison Peers ... |
| 260 |
_aLondon : _bSociety for promoting Christian knowledge ; _aNew York and Toronto : _bThe Macmillan co., _c1929. |
||
| 300 |
_axviii, 454 p., 1 l. _c23 cm. |
||
| 504 | _a"Select bibliography": p. [421]-434. | ||
| 600 | 1 | 0 |
_aLlull, Ramon, _d1232?-1316. _94447 |
| 942 |
_2lcc _cMONOGRAPH |
||
| 999 |
_c118860 _d118860 |
||